000 03271 a2200289 4500
999 _c11368
_d11368
020 _a9781264286324
050 0 0 _aQR 46
_bSHE 2022
245 0 0 _aSherris and Ryan's medical microbiology /
_cedited by Kenneth J. Ryan,
250 _aeighth
264 1 _aNew York :
_bMcGraw-Hill,
_c2022
300 _a978 pages
_billustrations
336 _ardacontent
_2text
_btxt
337 _ardamedia
_2unmediated
_bn
338 _ardacarrier
_2volume
_bnc
500 _aIncludes index.
504 _aincludes Index
505 _aPART I: INFECTION. Infection--basic concepts -- Immune response to infection -- Sterilization, disinfection, and infection control -- Principles of laboratory diagnosis of infectious diseases -- Emerging and reemerging infectious diseases: emergence and global spread of infection -- PART II: PATHOGENIC VIRUSES. Viruses--basic concepts -- Pathogenesis of viral infection -- Antiviral agents and resistance -- Respiratory viruses -- Viruses of mumps, measles, rubella, and other childhood exanthems -- Poxviruses -- Enteroviruses -- Hepatitis viruses -- Herpesviruses -- Viruses of diarrhea -- Arthropod-borne and other zoonotic viruses -- Rabies -- Retroviruses: human t-lymphotropic virus, human immunodeficiency virus, and acquired immunodeficiency syndrome -- Papilloma and polyoma viruses -- Persistent viral infections of the central nervous system -- PART III: PATHOGENIC BACTERIA. Bacteria--basic concepts -- Pathogenesis of bacterial infections -- Antibacterial agents and resistance -- Staphylococci -- Streptococci and enterococci -- Corynebacterium, Listeria, and Bacillus -- Mycobacteria -- Actinomyces and Nocardia -- Clostridium, Bacteroides, and other anaerobes -- Neisseria -- Haemophilus and Bordetella -- Vibrio, Campylobacter, and Helicobacter -- Enterobacteriaceae -- Legionella and Coxiella -- Pseudomonas and other opportunistic gram-negative bacilli -- Plague and other bacterial zoonotic diseases -- Spirochetes -- Mycoplasma -- Chlamydia -- Rickettsia, Ehrlichia, Anaplasma, and Bartonella -- Dental and periodontal infections -- PART IV: PATHOGENIC FUNGI--basic concepts -- Pathogenesis and diagnosis of fungal infections -- Antifungal agents and resistance -- The superficial and subcutaneous fungi: dermatophytes, Malassezia, Sporothrix, and pigmented molds -- The opportunistic fungi: Candida, Aspergillus, the zygomycetes, and Pneumocystis -- The systemic fungal pathogens: Cryptococcus, Histoplasma, Blastomyces, Coccidioides, Paracoccidioides -- Part V: PATHOGENIC PARASITES. Parasites--basic concepts -- Pathogenesis and diagnosis of parasitic infection -- Antiparasitic agents and resistance -- Apicomplexa and Microsporidia -- Sarcomastigophora--the amebas -- Sarcomastigophora--the flagellates -- Intestinal nematodes -- Tissue nematodes -- Cestodes -- Trematodes -- Infectious diseases: syndromes and etiologies Subjects Medical microbiology.
650 1 2 _aCommunicable Diseases
650 2 2 _aMicrobiology
700 1 _aRyan, Kenneth J.
_q(Kenneth James),
_d1940-
_eeditor.
700 1 _aAhmad, Nafees
_eeditor
700 1 _aAlspaugh,Andrew J
_eeditor
700 1 _aDrew,Lawrence W
_eeditor
700 1 _aPottinger,Paul
_eeditor
700 1 _aReller,Barth L
_deditor
942 _2lcc
_cBK
_eeighth
_h46
_iSHE
_kQR